[Event "TOP 20"]
[Site "Comite Loire Echecs"]
[Date "2005.02.15"]
[Round "6.9"]
[White "Bednar, Emile"]
[Black "Doran, Niall"]
[Result "1-0"]
[WhiteElo "1930"]
[BlackElo "1740"]
[PlyCount "57"]

1. e4 e6 2. f4 d5 3. e5 b6 4. Nf3 Nh6 5. c3 Qd7 6. Be2 Ba6 7. O-O Bxe2 8. Qxe2
c5 9. Na3 Nf5 10. Nc2 Nc6 11. d3 Be7 12. Bd2 O-O 13. g4 Nh6 14. h3 f6 15. Rae1
fxe5 16. Nxe5 Nxe5 17. Qxe5 Rf6 18. f5 Qd6 19. g5 Rxf5 20. Qxe6+ Qxe6 21. Rxe6
Rxf1+ 22. Kxf1 Nf5 23. Re5 Rf8 24. Ke1 d4 25. Bf4 Bd6 26. Rxf5 Bxf4 27. Rxf8+
Kxf8 28. Nxd4 Bxg5 29. Ne6+ 1-0

[Event "TOP 20"]
[Site "Comite Loire Echecs"]
[Date "2005.03.05"]
[Round "6.10"]
[White "Mujic, Saban"]
[Black "Desassis, Jean-Francois"]
[Result "0-1"]
[WhiteElo "1870"]
[BlackElo "1540"]
[PlyCount "154"]

1. d4 d6 2. e4 Nf6 3. Bd3 g6 4. Nf3 Bg7 5. O-O O-O 6. Re1 b6 7. c4 Re8 8. Nc3
c5 9. d5 Ng4 10. h3 Ne5 11. Nxe5 Bxe5 12. Ne2 e6 13. f4 Bg7 14. Rb1 Qh4 15. Be3
Nd7 16. Bf2 Qe7 17. Nc3 Nf6 18. Qf3 e5 19. fxe5 Qxe5 20. Nb5 Re7 21. Bg3 Qg5
22. Bxd6 Rd7 23. Bf4 Qh4 24. Bg3 Qg5 25. e5 Nh5 26. Bh2 Bh6 27. e6 fxe6 28.
Rxe6 Rf7 29. Re8+ Bf8 30. Qe3 Nf4 31. Bxf4 Rxf4 32. g3 Bxh3 33. Qxf4 Qxf4 34.
gxf4 Rxe8 35. Kf2 Bh6 36. Kf3 Rf8 37. Kg3 Bd7 38. Rf1 Re8 39. Kf3 Bh3 40. Rf2
Rf8 41. Kg3 Bd7 42. Nc3 Bg7 43. Nd1 h5 44. Nc3 Re8 45. Bxg6 Re3+ 46. Rf3 h4+
47. Kf2 Re7 48. f5 Bd4+ 49. Kg2 Kg7 50. Kh3 Bf6 51. Kg4 Kh6 52. d6 Re4+ 53. Kh3
Kg5 54. Nd5 Bxb2 55. Kg2 Be6 56. Kf2 Re5 57. Rd3 Bd4+ 58. Kf1 b5 59. Rd2 bxc4
60. Rg2+ Kh6 61. d7 Bxd7 62. Nf6 Rxf5+ 63. Bxf5 Bxf5 64. Ng8+ Kh7 65. Rg5 Bd3+
66. Ke1 c3 67. Nf6+ Bxf6 68. Rxc5 a6 69. a4 Kg6 70. a5 h3 71. Rd5 h2 72. Rxd3
h1=Q+ 73. Ke2 Qe4+ 74. Re3 Qc4+ 75. Ke1 Bh4+ 76. Kd1 c2+ 77. Kc1 Bg5 0-1

[Event "TOP 20"]
[Site "Comite Loire Echecs"]
[Date "2005.03.26"]
[Round "7.1"]
[White "Boblin, Laurent"]
[Black "Cizeron, Frederic"]
[Result "1/2-1/2"]
[WhiteElo "2040"]
[BlackElo "2114"]
[PlyCount "68"]
[EventDate "2005.??.??"]

1. e4 e6 2. d4 d5 3. Nd2 c5 4. exd5 Qxd5 5. Ngf3 cxd4 6. Bc4 Qd6 7. O-O Nf6 8.
Nb3 Nc6 9. Nbxd4 Nxd4 10. Nxd4 a6 11. c3 Qc7 12. Qe2 Bd6 13. h3 O-O 14. Rd1 e5
15. Nc2 b5 16. Bb3 Bb7 17. Bg5 Ne4 18. Be3 Rad8 19. a4 bxa4 20. Rxa4 Nc5 21.
Rc4 Be7 22. Rxd8 Rxd8 23. Bxc5 Bxc5 24. Ne3 Qb6 25. Nf5 Qg6 26. Qg4 Bf8 27. Rc7
Bd5 28. Bxd5 Rxd5 29. Rc8 Qf6 30. Qb4 Rd1+ 31. Kh2 Rd8 32. Rxd8 Qxd8 33. Qe4 g6
34. Ne3 Qc7 1/2-1/2

[Event "TOP 20"]
[Site "Comite Loire Echecs"]
[Date "2005.03.26"]
[Round "7.2"]
[White "Barnes, Pierrick"]
[Black "Cursoux, Gerard"]
[Result "0-1"]
[WhiteElo "1870"]
[BlackElo "2060"]
[PlyCount "120"]
[EventDate "2005.??.??"]

1. d4 f5 2. c4 e6 3. Nc3 Nf6 4. Nf3 d6 5. Qc2 Be7 6. e4 fxe4 7. Nxe4 O-O 8. Bd3
h6 9. h3 Nc6 10. a3 Nxe4 11. Bxe4 d5 12. cxd5 exd5 13. Bh7+ Kh8 14. Be3 Bd6 15.
O-O-O Bd7 16. Bd3 a6 17. Qd2 Qf6 18. Bc2 Ne7 19. Ne5 Bxe5 20. dxe5 Qc6 21. g4
Be8 22. Kb1 Bg6 23. Bd3 d4 24. Bxd4 Rad8 25. Bxg6 Qxg6+ 26. Qc2 Qe6 27. Bc3 Nd5
28. Rhe1 Rf3 29. Rd3 Rf4 30. Red1 c6 31. Qb3 Rxf2 32. Bd4 Rf7 33. R1d2 b5 34.
Qc2 Rfd7 35. Qd1 Nf4 36. Rf3 Ng6 37. Qg1 c5 38. Be3 Rxd2 39. Bxd2 Rxd2 40. Qxc5
Qxe5 41. Qc8+ Kh7 42. Rb3 Qe4+ 43. Ka2 Qd5 44. Qxa6 b4 45. axb4 Ne5 46. Qa5
Rxb2+ 47. Kxb2 Nc4+ 48. Kc3 Nxa5 49. bxa5 Qxa5+ 50. Kd3 Qd5+ 51. Kc2 Qg2+ 52.
Kc1 Kg6 53. Kd1 Kf6 54. Ke1 Ke5 55. Ra3 Kf4 56. Ra4+ Kg3 57. Ra3+ Kh4 58. Rb3
Qe4+ 59. Kd1 Qd5+ 60. Rd3 Qxd3+ 0-1

[Event "TOP 20"]
[Site "Comite Loire Echecs"]
[Date "2005.03.26"]
[Round "7.3"]
[White "Bellon, Yves"]
[Black "Valet, Godeffroy"]
[Result "0-1"]
[WhiteElo "1860"]
[BlackElo "2052"]
[PlyCount "70"]
[EventDate "2005.??.??"]

1. c4 e5 2. Nc3 Nc6 3. Nf3 Nf6 4. e4 Bb4 5. d3 d6 6. g3 Bg4 7. h3 Bxf3 8. Qxf3
Nd4 9. Qd1 Nd7 10. Bg2 c6 11. O-O Nf8 12. Be3 Nfe6 13. a3 Bc5 14. Na4 a6 15.
Nxc5 dxc5 16. f4 exf4 17. gxf4 Qh4 18. Kh2 O-O-O 19. b4 g5 20. fxg5 Nxg5 21.
Rf4 Qh6 22. bxc5 Nge6 23. Bxd4 Qxf4+ 24. Kh1 Nxd4 25. Rb1 Rhg8 26. Rb2 Rg3 27.
Qb1 Qc7 28. Rf2 Rdg8 29. Qf1 R8g7 30. Qa1 Qd7 31. Qf1 Qe6 32. Kh2 Qd7 33. Rb2
Ne6 34. Rd2 Qc7 35. Kh1 Nf4 0-1

[Event "TOP 20"]
[Site "Comite Loire Echecs"]
[Date "2005.03.26"]
[Round "7.4"]
[White "Graillon, David"]
[Black "Deville, Olivier"]
[Result "0-1"]
[WhiteElo "1965"]
[BlackElo "2044"]
[PlyCount "106"]
[EventDate "2005.??.??"]

1. e3 e5 2. d4 exd4 3. exd4 d5 4. c4 Nf6 5. Nc3 Be7 6. Nf3 h6 7. Ne5 O-O 8. Be2
c6 9. O-O dxc4 10. Bxc4 Nbd7 11. Qf3 Nb6 12. Bb3 Nbd5 13. Bd2 Be6 14. Rae1 Qb6
15. Nxd5 Bxd5 16. Qg3 Kh8 17. Qh3 Qxd4 18. Bxh6 gxh6 19. Qxh6+ Nh7 20. Ng6+
fxg6 21. Rxe7 Rf7 22. Rxf7 Bxf7 23. Bxf7 Qxb2 24. Qxg6 Qf6 25. Qxf6+ Nxf6 26.
Rd1 Kg7 27. Bb3 a5 28. Rd6 a4 29. Bc2 Ra5 30. f3 a3 31. Bb3 Rb5 32. Rd3 Rc5 33.
g4 b5 34. h4 b4 35. Kf2 Rc1 36. Rd4 c5 37. Rc4 Rxc4 38. Bxc4 Nd7 39. Bb5 Ne5
40. f4 b3 41. axb3 Nxg4+ 42. Kf3 Nh2+ 43. Kg3 a2 44. Bc4 Nf1+ 45. Bxf1 a1=Q 46.
Bc4 Kf6 47. Kf3 Qh1+ 48. Ke3 Qxh4 49. Ke4 Qe1+ 50. Kd5 Qe3 51. Kc6 Kf5 52. Kc7
Kxf4 53. Kb6 Ke5 0-1

[Event "TOP 20"]
[Site "Comite Loire Echecs"]
[Date "2005.03.26"]
[Round "7.5"]
[White "Pupier, Terry"]
[Black "Clement, Paul"]
[Result "1/2-1/2"]
[WhiteElo "1960"]
[BlackElo "2001"]
[PlyCount "67"]
[EventDate "2005.??.??"]

1. e4 e6 2. d4 d5 3. Nc3 Bb4 4. e5 Qd7 5. Nf3 b6 6. Bd2 Ba6 7. Bxa6 Nxa6 8. O-O
Bf8 9. Ne2 c5 10. c3 Ne7 11. Ng3 h6 12. Qe2 Nc7 13. h4 Nf5 14. Nxf5 exf5 15. e6
Qxe6 16. Rfe1 Qxe2 17. Rxe2+ Ne6 18. Re5 Rd8 19. g3 g6 20. h5 Bg7 21. hxg6 Bxe5
22. gxf7+ Kxf7 23. Nxe5+ Kf6 24. Re1 Rh7 25. Kg2 Rc8 26. Nf3 Nc7 27. Re5 Re8
28. Bf4 Rxe5 29. Bxe5+ Ke6 30. Kh3 cxd4 31. cxd4 Ne8 32. Nh4 Rd7 33. Ng6 Kf7
34. Nh4 1/2-1/2

[Event "TOP 20"]
[Site "Comite Loire Echecs"]
[Date "2005.03.26"]
[Round "7.6"]
[White "Massard, Christian"]
[Black "Bruel, Bruno"]
[Result "1-0"]
[WhiteElo "1780"]
[BlackElo "1870"]
[PlyCount "63"]
[EventDate "2005.??.??"]

1. Nf3 Nf6 2. g3 d5 3. Bg2 Nbd7 4. O-O e5 5. d3 Be7 6. e4 d4 7. Nbd2 c5 8. Ne1
O-O 9. f4 exf4 10. gxf4 Nb6 11. Ndf3 c4 12. f5 h6 13. Bh3 Bc5 14. Qe2 cxd3 15.
cxd3 Re8 16. Qg2 Kh8 17. Kh1 Nbd7 18. Rg1 Rg8 19. Qg3 Nh5 20. Qg2 b6 21. Bg4
Nhf6 22. Qh3 Nh7 23. Bh5 Qe7 24. Nh4 Ne5 25. Bf4 g6 26. Bxe5+ Qxe5 27. Bxg6 Qg7
28. Nef3 Be7 29. Bxh7 Bg5 30. Ng6+ Qxg6 31. Bxg6 Rxg6 32. Nxg5 1-0

[Event "TOP 20"]
[Site "Comite Loire Echecs"]
[Date "2005.03.26"]
[Round "7.7"]
[White "Bednar, Emile"]
[Black "Poncet, Alain"]
[Result "1/2-1/2"]
[WhiteElo "1930"]
[BlackElo "2060"]
[PlyCount "57"]
[EventDate "2005.??.??"]

1. d4 f5 2. c4 Nf6 3. Nc3 e6 4. Nf3 Be7 5. e3 b6 6. Be2 Bb7 7. Ne5 O-O 8. Bf3
Bxf3 9. Qxf3 d5 10. a3 c6 11. Bd2 Qc7 12. cxd5 cxd5 13. Qe2 Qb7 14. O-O Nbd7
15. f4 Nxe5 16. fxe5 Ne4 17. Rac1 Rac8 18. Nxe4 Rxc1 19. Rxc1 fxe4 20. Rf1
Rxf1+ 21. Qxf1 Qc8 22. Qc1 Qxc1+ 23. Bxc1 Kf7 24. Kf2 Ke8 25. Ke2 Kd7 26. Kd2
Kc6 27. Kc2 Kb5 28. b3 a5 29. a4+ 1/2-1/2

[Event "TOP 20"]
[Site "Comite Loire Echecs"]
[Date "2005.03.26"]
[Round "7.8"]
[White "Minchilli, Franco"]
[Black "Carrot, Patrick"]
[Result "0-1"]
[WhiteElo "1690"]
[BlackElo "1820"]
[PlyCount "104"]
[EventDate "2005.??.??"]

1. d4 Nf6 2. c4 g6 3. Nc3 Bg7 4. e4 d6 5. Nge2 O-O 6. Ng3 c5 7. d5 a6 8. Be2
Nbd7 9. O-O Ne5 10. Bf4 Ne8 11. Qc2 Nc7 12. a4 Bd7 13. Ra3 Rb8 14. Rb1 b5 15.
axb5 axb5 16. cxb5 Nxb5 17. Nxb5 Bxb5 18. Bxb5 Rxb5 19. Rba1 Rxb2 20. Qa4 Qb8
21. Nf1 Rb4 22. Qd1 Rxe4 23. Rb1 Qc8 24. Bg3 Rd4 25. Qb3 Nd3 26. Ne3 Nb4 27.
Rd1 f5 28. Rxd4 Bxd4 29. Bf4 Kg7 30. Nc2 Nxc2 31. Qxc2 Qb7 32. Rb3 Qxd5 33. Be3
Bxe3 34. Rxe3 e5 35. Rd3 Qc6 36. Qd2 Rd8 37. Qg5 Qd7 38. h4 h6 39. Qd2 d5 40.
Qc2 Qe7 41. f4 d4 42. Qc1 e4 43. Rg3 e3 44. h5 e2 45. Rxg6+ Kh7 46. Qe1 d3 47.
Kh2 d2 48. Qg3 Rd6 49. Qh3 e1=Q 50. Rxd6 Q1h4 51. Rxd2 Qxf4+ 52. Qg3 Qxg3+ 0-1

[Event "TOP 20"]
[Site "Comite Loire Echecs"]
[Date "2005.03.26"]
[Round "7.9"]
[White "Garon, Pierre"]
[Black "Mujic, Saban"]
[Result "0-1"]
[WhiteElo "1974"]
[BlackElo "1870"]
[PlyCount "166"]
[EventDate "2005.??.??"]

1. d4 Nf6 2. Nf3 d5 3. e3 e6 4. Bd3 Be7 5. Nbd2 Nbd7 6. O-O O-O 7. Re1 c5 8. c3
a6 9. e4 dxe4 10. Nxe4 Nxe4 11. Rxe4 Nf6 12. Rh4 g6 13. Bg5 cxd4 14. cxd4 Nd5
15. Qd2 f6 16. Bh6 Rf7 17. Re4 Bf8 18. Bxf8 Qxf8 19. Rae1 Bd7 20. Bc4 b5 21.
Bb3 a5 22. g3 a4 23. Bc2 Rc8 24. Bd3 Nb4 25. a3 Nxd3 26. Qxd3 Qd6 27. R4e3 Qd5
28. Nd2 Bc6 29. f3 Re8 30. Ne4 Rd8 31. Qc3 Ba8 32. R1e2 Bb7 33. Kf2 Rc8 34. Qb4
Rc4 35. Qd6 Rxd4 36. Qf4 Kg7 37. Nc3 Qc5 38. Qb8 e5 39. Qe8 Re7 40. Qxb5 Qa7
41. Kg2 Ba6 42. Qc6 Bxe2 43. Rxe2 Qd7 44. Qc5 Re6 45. Kf2 Rc6 46. Qb5 Rcd6 47.
g4 g5 48. Qc5 Rd2 49. Qe3 Rxe2+ 50. Kxe2 Qb7 51. Qc1 Qa6+ 52. Kf2 Qc4 53. Qe3
Rd4 54. Kg3 Rd7 55. h4 gxh4+ 56. Kxh4 h6 57. Kh5 Qf7+ 58. Kh4 Rd4 59. Ne2 Rc4
60. Ng3 Kh7 61. Nf5 Rf4 62. Qd3 Qe8 63. Qd6 Qf7 64. Kg3 h5 65. Qd2 Qb7 66. Qd3
Qc7 67. Kh4 hxg4 68. fxg4 e4 69. Qd4 Rxf5 70. gxf5 Qf4+ 71. Kh3 Qxf5+ 72. Kg2
Qf4 73. Kg1 Qg3+ 74. Kf1 Qf3+ 75. Ke1 e3 76. Qd7+ Kg6 77. Qe8+ Kg5 78. Qb5+ f5
79. Qd3 Qf2+ 80. Kd1 f4 81. Qd5+ Kg4 82. Qe6+ Kg3 83. Qg6+ Kh2 0-1

[Event "TOP 20"]
[Site "Comite Loire Echecs"]
[Date "2005.04.09"]
[Round "8.1"]
[White "Cizeron, Frederic"]
[Black "Deville, Olivier"]
[Result "1-0"]
[WhiteElo "2114"]
[BlackElo "2044"]
[PlyCount "45"]
[EventDate "2005.??.??"]

1. d4 d5 2. Nf3 c6 3. c4 e6 4. Nc3 dxc4 5. a4 Bb4 6. Ne5 b5 7. g3 Bb7 8. Bg2
Qb6 9. O-O Nf6 10. e4 O-O 11. Be3 Qd8 12. f4 a6 13. f5 Bxc3 14. bxc3 c5 15. Ng4
Nxe4 16. f6 g6 17. Bh6 Re8 18. Bg7 h5 19. Qc1 g5 20. Bxe4 Bxe4 21. Qxg5 Bg6 22.
Qh6 Bh7 23. Bf8 1-0

[Event "TOP 20"]
[Site "Comite Loire Echecs"]
[Date "2005.04.09"]
[Round "8.2"]
[White "Cursoux, Gerard"]
[Black "Massard, Christian"]
[Result "0-1"]
[WhiteElo "2060"]
[BlackElo "1780"]
[PlyCount "177"]
[EventDate "2005.??.??"]

1. e4 d6 2. d4 g6 3. Nc3 Bg7 4. f4 e6 5. Nf3 Ne7 6. Bd3 Nd7 7. Ne2 c5 8. c3 b6
9. O-O Bb7 10. Ng3 O-O 11. Be3 Rc8 12. Ng5 h6 13. Nh3 cxd4 14. cxd4 f5 15. Qb3
d5 16. e5 Nc6 17. Rac1 Qe7 18. a3 Ndb8 19. Ne2 Na5 20. Qa2 Rxc1 21. Rxc1 Rc8
22. Rxc8+ Bxc8 23. b4 Nac6 24. b5 Na5 25. Bd2 Nb7 26. Qc2 Qd7 27. Nf2 Bf8 28.
a4 Kf7 29. g4 Ke8 30. Ng3 Kd8 31. Kg2 Qf7 32. Ne2 Qe7 33. Nc1 Qa3 34. Nd1 Qa1
35. Bc3 Qa3 36. Bb2 Qe7 37. Nf2 Qb4 38. Ne2 Qe7 39. Bc3 Qa3 40. Ng1 Bd7 41. Nf3
Be8 42. Be2 Qe7 43. h3 Qc7 44. Qd2 Qe7 45. Bd1 Qa3 46. Nd3 Bd7 47. Nfe1 Be8 48.
Nb2 Qe7 49. Ned3 Qa3 50. Bf3 Bd7 51. Nb4 Na5 52. Nc2 Nb3 53. Qe1 Qa2 54. gxf5
gxf5 55. Bd1 Na1 56. Nxa1 Qxa1 57. Nd3 Qa2+ 58. Nf2 Be7 59. Bb4 Bh4 60. Bd6 Kc8
61. Qc3+ Qc4 62. Qxc4+ dxc4 63. Bf8 a6 64. bxa6 Nxa6 65. Be2 Bc6+ 66. Kf1 Bd5
67. Nd1 Nc7 68. Nc3 Kd7 69. Bxh6 Be7 70. Bd1 Bb4 71. Na2 Ba5 72. Bf8 c3 73. Nb4
Bc4+ 74. Kf2 b5 75. h4 Ke8 76. Bd6 Bxb4 77. Bxc7 Bd3 78. axb5 c2 79. Bxc2 Bxc2
80. h5 Bf8 81. d5 exd5 82. b6 Kd7 83. e6+ Kc8 84. Bd6 Bxd6 85. h6 Bc5+ 86. Ke2
Ba4 87. Kd3 Bb5+ 88. Kc3 d4+ 89. Kd2 0-1

[Event "TOP 20"]
[Site "Comite Loire Echecs"]
[Date "2005.04.09"]
[Round "8.3"]
[White "Boblin, Laurent"]
[Black "Valet, Godeffroy"]
[Result "0-1"]
[WhiteElo "2040"]
[BlackElo "2052"]
[PlyCount "68"]
[EventDate "2005.??.??"]

1. e4 e6 2. d4 d5 3. Nd2 c5 4. exd5 exd5 5. Ngf3 Nc6 6. Bb5 Nf6 7. O-O Be7 8.
dxc5 Bxc5 9. Nb3 Be7 10. Nbd4 Qc7 11. c3 O-O 12. Bd3 Bg4 13. Qb3 Ne5 14. Nxe5
Qxe5 15. Qxb7 Rfb8 16. f4 Qxd4+ 17. cxd4 Rxb7 18. f5 g6 19. h3 Bxf5 20. Bxf5
gxf5 21. Rxf5 Kg7 22. Bf4 Rxb2 23. Be5 Rc8 24. Rff1 Rc6 25. g4 Kg6 26. h4 Nxg4
27. h5+ Kh6 28. Bf4+ Kg7 29. Bc1 Rbc2 30. Rxf7+ Kg8 31. Bb2 Rxb2 32. Rxe7 Rcc2
33. Re8+ Kg7 34. Rae1 Rg2+ 0-1

[Event "TOP 20"]
[Site "Comite Loire Echecs"]
[Date "2005.04.09"]
[Round "8.5"]
[White "Carrot, Patrick"]
[Black "Graillon, David"]
[Result "1-0"]
[WhiteElo "1820"]
[BlackElo "1965"]
[PlyCount "69"]
[EventDate "2005.??.??"]

1. e4 e5 2. Nf3 Nc6 3. Bb5 a6 4. Bc4 Nf6 5. O-O b5 6. Bb3 Bc5 7. c3 O-O 8. d4
exd4 9. cxd4 Bb6 10. e5 Ne4 11. Bd5 Nxf2 12. Rxf2 Bb7 13. Nc3 h6 14. Be3 d6 15.
e6 fxe6 16. Bxe6+ Kh8 17. Qd2 Qe7 18. Bd5 Rae8 19. Re1 Qd7 20. Rfe2 b4 21. Ne4
Qg4 22. Nf2 Qh5 23. Bxc6 Bxc6 24. d5 Bb5 25. Bxb6 Bxe2 26. Rxe2 cxb6 27. Rxe8
Rxe8 28. g4 Qf7 29. Nh4 Re5 30. Qxb4 g5 31. Nf5 Qxd5 32. Nxd6 Qxa2 33. Qc3 Qa1+
34. Kg2 Qa5 35. Qxe5+ 1-0

[Event "TOP 20"]
[Site "Comite Loire Echecs"]
[Date "2005.04.09"]
[Round "8.7"]
[White "Poncet, Alain"]
[Black "Bruel, Bruno"]
[Result "1-0"]
[WhiteElo "2060"]
[BlackElo "1870"]
[PlyCount "65"]
[EventDate "2005.??.??"]

1. Nf3 Nf6 2. g3 d5 3. Bg2 Nbd7 4. O-O e5 5. d3 Be7 6. e4 d4 7. Nbd2 c5 8. Ne1
O-O 9. f4 exf4 10. gxf4 Nb6 11. Ndf3 c4 12. f5 h6 13. Bh3 Bc5 14. Qe2 cxd3 15.
cxd3 Re8 16. Qg2 Kh8 17. Kh1 Nbd7 18. Rg1 Rg8 19. Qg3 Nh5 20. Qg2 b6 21. Bg4
Nhf6 22. Qh3 Nh7 23. Bh5 Qc7 24. Nh4 Ne5 25. Bf4 g6 26. Bxe5+ Qxe5 27. Bxg6 Qg7
28. Nef3 Be7 29. Bxf7 Bg5 30. Ng6+ Qxg6 31. Bxg6 Rxg6 32. Nxg5 hxg5 33. Qh5 1-0

[Event "TOP 20"]
[Site "Comite Loire Echecs"]
[Date "2005.04.09"]
[Round "8.8"]
[White "Desassis, Jean-Francois"]
[Black "Garon, Pierre"]
[Result "0-1"]
[WhiteElo "1540"]
[BlackElo "1974"]
[PlyCount "78"]
[EventDate "2005.??.??"]

1. d4 d5 2. Nf3 Nf6 3. e3 Bf5 4. Nbd2 e6 5. c4 Nbd7 6. g3 c6 7. Qb3 Rb8 8. Bg2
Bd6 9. O-O O-O 10. Re1 h6 11. Nh4 Bh7 12. e4 dxe4 13. Nxe4 Nxe4 14. Bxe4 Bxe4
15. Rxe4 Qa5 16. Qc2 Qh5 17. Ng2 g5 18. c5 Be7 19. f4 Nf6 20. Qe2 Qg6 21. Re5
Nd7 22. Re4 Bf6 23. fxg5 hxg5 24. h4 Rbe8 25. hxg5 Bxg5 26. Rg4 f6 27. Bf4 e5
28. Qc4+ Kh8 29. Nh4 Qh5 30. Bxg5 Qxg4 31. Ng6+ Kg7 32. Nxf8 Nxf8 33. Bxf6+
Kxf6 34. Rf1+ Ke7 35. Rf7+ Kd8 36. Qf1 Qxg3+ 37. Kh1 Nd7 38. Rh7 exd4 39. Rh8
Rxh8+ 0-1

[Event "TOP 20"]
[Site "Comite Loire Echecs"]
[Date "2005.04.09"]
[Round "8.9"]
[White "Doran, Niall"]
[Black "Mujic, Saban"]
[Result "0-1"]
[WhiteElo "1740"]
[BlackElo "1870"]
[PlyCount "102"]
[EventDate "2005.??.??"]

1. e4 c5 2. c3 d6 3. d4 cxd4 4. cxd4 Nf6 5. Nc3 g6 6. Nf3 Bg7 7. Be2 O-O 8. O-O
a6 9. Be3 b5 10. a3 Bb7 11. Bd3 e6 12. Qd2 Nbd7 13. h3 Rc8 14. Bh6 Ne8 15. Bxg7
Kxg7 16. Nh2 f5 17. exf5 exf5 18. Rfe1 Nef6 19. Re6 d5 20. f3 Re8 21. Rae1 Rxe6
22. Rxe6 Nf8 23. Re1 Qd6 24. Nf1 Nh5 25. Bxf5 Rc7 26. Bd3 Ne6 27. Bxb5 Rxc3 28.
Qxc3 axb5 29. Rxe6 Qxe6 30. Qc7+ Qf7 31. Qe5+ Nf6 32. Ne3 Qe8 33. Qxe8 Nxe8 34.
Kf2 Kf6 35. Ke2 Nd6 36. Kd3 Nc4 37. Nxc4 dxc4+ 38. Ke3 h5 39. g4 hxg4 40. fxg4
g5 41. h4 gxh4 42. Kf4 h3 43. Kg3 Bg2 44. Kh2 Kg5 45. Kg3 Bd5 46. Kxh3 Be6 47.
Kg3 Bxg4 48. Kf2 Kf4 49. Ke1 Ke3 50. d5 Kd3 51. d6 Kc2 {abandon} 0-1

[Event "TOP 20"]
[Site "Comite Loire Echecs"]
[Date "2005.05.21"]
[Round "9.1"]
[White "Barnes, Pierrick"]
[Black "Cizeron, Frederic"]
[Result "1/2-1/2"]
[WhiteElo "1870"]
[BlackElo "2114"]
[PlyCount "100"]
[EventDate "2005.??.??"]

1. d4 d5 2. c4 c6 3. Nc3 Nf6 4. e3 a6 5. cxd5 cxd5 6. Bd3 Nc6 7. Nge2 Bg4 8. f3
Bh5 9. Nf4 Bg6 10. Qb3 Bxd3 11. Nxd3 e6 12. O-O b5 13. Rf2 Bd6 14. a3 Qb8 15.
h3 O-O 16. Qd1 Rd8 17. f4 Ne4 18. Nxe4 dxe4 19. Rc2 Qb6 20. Nf2 f5 21. Bd2 Rac8
22. Rac1 Ne7 23. Rxc8 Rxc8 24. Rxc8+ Nxc8 25. Qb3 Kf7 26. Qc3 Ne7 27. Qa5 Qc6
28. Qc3 Qxc3 29. Bxc3 Nd5 30. Bd2 Bxf4 31. exf4 e3 32. Bc1 exf2+ 33. Kxf2 Ke7
34. Ke2 Kd6 35. Kd3 Ne7 36. Bd2 Kd5 37. Bb4 Nc6 38. Bf8 g6 39. Bg7 Nd8 40. Bf8
Nf7 41. Bb4 h6 42. Bd2 g5 43. g3 gxf4 44. gxf4 h5 45. Be3 Nh8 46. Bc1 Ng6 47.
Bd2 a5 48. Bc1 Ne7 49. Bd2 Nc6 50. Be1 a4 1/2-1/2

[Event "TOP 20"]
[Site "Comite Loire Echecs"]
[Date "2005.05.21"]
[Round "9.2"]
[White "Valet, Godeffroy"]
[Black "Massard, Christian"]
[Result "1-0"]
[WhiteElo "2052"]
[BlackElo "1780"]
[PlyCount "83"]
[EventDate "2005.??.??"]

1. e4 b6 2. Bc4 e6 3. Nc3 Bb7 4. d4 Bb4 5. Bd3 Nf6 6. f3 d6 7. Nge2 Nbd7 8. O-O
Bxc3 9. Nxc3 h6 10. Qe1 e5 11. d5 g5 12. Ne2 Nh5 13. Ng3 Nxg3 14. Qxg3 Qe7 15.
b4 f6 16. c4 h5 17. Be3 Kf7 18. Rad1 Rag8 19. c5 bxc5 20. bxc5 Bc8 21. cxd6
Qxd6 22. Bxa7 g4 23. Be3 gxf3 24. Qxf3 Nb6 25. Rc1 Bg4 26. Qf2 Bh3 27. Rc6 Bxg2
28. Rxd6 Bxe4+ 29. Qg3 Rxg3+ 30. hxg3 cxd6 31. Bxe4 Nc4 32. Bg5 Rg8 33. Rxf6+
Ke8 34. Bg6+ Kd7 35. Bh4 Ne3 36. Rf7+ Kc8 37. Bxh5 Nxd5 38. Ra7 Kb8 39. Ra6 Kc7
40. Bf7 Nb4 41. Ra7+ Kb8 42. Ra4 1-0

[Event "TOP 20"]
[Site "Comite Loire Echecs"]
[Date "2005.05.21"]
[Round "9.4"]
[White "Deville, Olivier"]
[Black "Poncet, Alain"]
[Result "1/2-1/2"]
[WhiteElo "2044"]
[BlackElo "2060"]
[PlyCount "155"]
[EventDate "2005.??.??"]

1. d4 d5 2. Nf3 Nf6 3. c4 e6 4. e3 c5 5. cxd5 exd5 6. Be2 Bd6 7. O-O O-O 8.
dxc5 Bxc5 9. Nbd2 Nc6 10. Nb3 Bb6 11. Nbd4 Bd7 12. b3 Qe7 13. Bb2 Rfe8 14. Nxc6
bxc6 15. Bd4 Bxd4 16. Qxd4 c5 17. Qh4 Qe4 18. Qxe4 Nxe4 19. Rac1 Rac8 20. Rfd1
Be6 21. Ba6 Rb8 22. Bd3 Rec8 23. Bxe4 dxe4 24. Ng5 Bg4 25. Rd5 c4 26. h3 h6 27.
Rxc4 Rxc4 28. bxc4 Be2 29. Nxe4 Bxc4 30. Ra5 a6 31. Ra4 Bb5 32. Rb4 Rc8 33. Nd6
Rc1+ 34. Kh2 Rc2 35. Nxb5 axb5 36. Kg3 Rxa2 37. Rxb5 Kf8 38. Rb7 Rc2 39. Kf3
Ra2 40. g4 g6 41. Kg3 Ra3 42. h4 Kg7 43. Re7 Kf6 44. Re8 Ra1 45. Kf4 g5+ 46.
hxg5+ hxg5+ 47. Kf3 Ra3 48. Rd8 Ke5 49. Rb8 Ra5 50. Rg8 Kf6 51. Rh8 Kg7 52. Rh5
Kg6 53. Kg2 Ra4 54. f3 Ra2+ 55. Kg3 Ra1 56. Rh8 Kg7 57. Rd8 Ra5 58. e4 Kf6 59.
Rd6+ Ke5 60. Rd8 f6 61. Re8+ Kd6 62. Rb8 Ke5 63. Rb3 Rc5 64. Rd3 Ra5 65. Rd8
Rb5 66. Re8+ Kd6 67. Rd8+ Ke5 68. Kf2 Rb2+ 69. Ke3 Rb3+ 70. Rd3 Rb5 71. Rd5+
Rxd5 72. exd5 Kxd5 73. f4 gxf4+ 74. Kxf4 Ke6 75. Ke4 Ke7 76. Kf5 Kf7 77. g5
fxg5 78. Kxg5 1/2-1/2

[Event "TOP 20"]
[Site "Comite Loire Echecs"]
[Date "2005.05.21"]
[Round "9.5"]
[White "Bellon, Yves"]
[Black "Boblin, Laurent"]
[Result "1-0"]
[WhiteElo "1860"]
[BlackElo "2040"]
[PlyCount "45"]
[EventDate "2005.??.??"]

1. d4 d5 2. Nf3 Nf6 3. Bf4 Bf5 4. e3 e6 5. Nh4 Ne4 6. Nxf5 exf5 7. Nd2 Nxd2 8.
Qxd2 Nd7 9. Bd3 g6 10. O-O Qf6 11. Bxc7 g5 12. f4 g4 13. Be5 Nxe5 14. fxe5 Qh4
15. Rxf5 g3 16. h3 Bh6 17. Bb5+ Kf8 18. Raf1 Qe4 19. R5f3 Bg5 20. Bd3 Qh4 21.
Qb4+ Kg7 22. Rxf7+ Kh6 23. Qd6+ 1-0

[Event "TOP 20"]
[Site "Comite Loire Echecs"]
[Date "2005.05.21"]
[Round "9.6"]
[White "Graillon, David"]
[Black "Pupier, Terry"]
[Result "1/2-1/2"]
[WhiteElo "1965"]
[BlackElo "1960"]
[PlyCount "133"]
[EventDate "2005.??.??"]

1. d4 Nf6 2. Nf3 d5 3. g3 Bf5 4. Bg2 e6 5. O-O Nbd7 6. c4 c6 7. Nc3 Be7 8. Qb3
Qb6 9. c5 Qxb3 10. axb3 O-O 11. b4 a6 12. Nh4 Bc2 13. f4 g6 14. Nf3 Ne4 15.
Nxe4 Bxe4 16. Ne5 Nf6 17. g4 Rfd8 18. Ra3 Ne8 19. f5 exf5 20. gxf5 Bf6 21. fxg6
Bxg6 22. Rg3 Bg7 23. Rgf3 Bxe5 24. dxe5 Ng7 25. Bg5 Re8 26. Bf6 Nh5 27. Bh3
Nxf6 28. e6 Ne4 29. exf7+ Bxf7 30. Rxf7 Ng5 31. R7f5 Nxh3+ 32. Kg2 Rxe2+ 33.
Kxh3 Rxb2 34. Rg1+ Kh8 35. Rf7 Rb3+ 36. Rg3 Rxg3+ 37. Kxg3 a5 38. Rxb7 axb4 39.
Rxb4 Ra5 40. Kg4 Rxc5 41. Kg5 Rb5 42. Ra4 Rb7 43. Kf6 Rg7 44. Ra1 h5 45. Rc1
Kh7 46. Ke5 Rg6 47. Ra1 Kh6 48. h4 Rg4 49. Rc1 Re4+ 50. Kf5 Rc4 51. Re1 d4 52.
Re8 Rc1 53. Rd8 Rf1+ 54. Ke4 c5 55. Rd6+ Kg7 56. Rd5 Re1+ 57. Kd3 Re3+ 58. Kd2
Rc3 59. Rxh5 c4 60. Rd5 Rd3+ 61. Kc2 Kg6 62. Rc5 Rc3+ 63. Kd2 Rh3 64. Rxc4 Rxh4
65. Kd3 Kf5 66. Rxd4 Rxd4+ 67. Kxd4 1/2-1/2

[Event "TOP 20"]
[Site "Comite Loire Echecs"]
[Date "2005.05.21"]
[Round "9.7"]
[White "Bruel, Bruno"]
[Black "Bednar, Emile"]
[Result "1-0"]
[WhiteElo "1870"]
[BlackElo "1930"]
[PlyCount "97"]
[EventDate "2005.??.??"]

1. d4 g6 2. c4 Bg7 3. Nc3 e6 4. e4 Ne7 5. Nf3 b6 6. Be2 Bb7 7. Be3 d6 8. Qd2
Nd7 9. O-O O-O 10. Bh6 Nf6 11. Bxg7 Kxg7 12. e5 Ne8 13. Rad1 d5 14. h3 c6 15.
Nh2 Ng8 16. cxd5 cxd5 17. f4 Bc8 18. Nf3 Bd7 19. Bd3 f5 20. Rc1 Nh6 21. Rc2 Nf7
22. Rfc1 h6 23. h4 Kh7 24. Kf2 h5 25. a4 a6 26. Qe2 Nc7 27. b3 Qe7 28. Nd1 Ne8
29. Bxa6 Ng7 30. Bb5 Rfc8 31. Nc3 Be8 32. Bxe8 Nxe8 33. Nb5 Qd7 34. Qd3 Kg8 35.
Rc3 Nd8 36. Rxc8 Rxc8 37. Rxc8 Qxc8 38. Qc3 Qd7 39. Ng5 Nc6 40. b4 Ng7 41. Ke3
Ne8 42. Nf3 Kf8 43. a5 bxa5 44. bxa5 Ne7 45. Qc5 Qd8 46. a6 Qa5 47. a7 Qa2 48.
Qa3 Qb1 49. Nc3 1-0